History Quiz

Random History Quiz

Women's Suffrage - First Fifty Countries Quiz Stats

 Plays Quiz not verified by Sporcle

Score 0/50 Timer 10:00
0 Plays Today
Year Country % Correct
1920United States
93.3%
1917Denmark
88.4%
1928United Kingdom
87.8%
1913Finland
87.2%
1906Australia
86.6%
1915Norway
85.4%
1918Russia
85.4%
1918Germany
84.8%
1917Canada
84.1%
1919Sweden
82.3%
1918Austria
79.9%
1919Netherlands
76.8%
1931Spain
76.2%
1918Poland
75.6%
1918Hungary
73.8%
1931Portugal
72.6%
1931Brazil
66.5%
1918Latvia
64.6%
1918Estonia
64%
1918Lithuania
63.4%
1919Luxembourg
58.5%
1919Ukraine
56.1%
1930Turkey
55.5%
1935Chile
54.3%
1919Belarus
53.7%
Year Country % Correct
1927Uruguay
51.8%
1934Cuba
47.6%
1918Georgia
44.5%
1918Azerbaijan
43.9%
1920Czechoslovakia
39.6%
1924Mongolia
39.6%
1924Kazakhstan
39%
1918Kyrgyzstan
37.2%
1920Albania
36%
1938Bolivia
36%
1929Ecuador
34.8%
1932Thailand
34.8%
1921Armenia
34.1%
1924Turkmenistan
31.7%
1924Tajikistan
31.1%
1937Philippines
31.1%
1922Burma
18.3%
1902New Zealand*
16.5%
1931Sri Lanka
14%
1838Pitcairn Islands
13.4%
1881Isle of Man
13.4%
1893Cook Islands
12.2%
1930South Africa*
7.3%
1929Puerto Rico
6.1%
1932Maldives
6.1%

You're not logged in!

Compare scores with friends on all Sporcle quizzes.
OR
Log In

Show Comments

Extras

Created Nov 29, 2010SourceReportNominate
Tags:democracy, feminist, vote, women

Top Quizzes Today


Score Distribution

Your Account Isn't Verified!

In order to create a playlist on Sporcle, you need to verify the email address you used during registration. Go to your Sporcle Settings to finish the process.

Report this User

Report this user for behavior that violates our Community Guidelines.

Details: